| 000 | 00439nam a22001577a 4500 | ||
|---|---|---|---|
| 003 | OSt | ||
| 005 | 20221006164553.0 | ||
| 008 | 221006b |||||||| |||| 00| 0 eng d | ||
| 040 | _cBiblioteca Lado V | ||
| 082 |
_a750 _bC125t |
||
| 100 |
_991 _aCadot, Farideh _eautor |
||
| 245 | _a1976 Transitions 1996/ | ||
| 260 |
_aParis _bGalerie Farideh Cadot _c1996 |
||
| 300 |
_a65p. _c17x22cm |
||
| 942 |
_2ddc _c1 _h750 _iC125t _n0 |
||
| 999 |
_c2201 _d2201 |
||